000 00307nam a22001337a 4500
008 181016b xxu||||| |||| 00| 0 eng d
020 _a0139623329
041 _aeng
080 _a159.9
100 _a48
101 _aPSI
245 _aWomen, Men, and the Psychology of Power
_cLips,H.M
942 _2udc
_cBK
999 _c49897
_d49897